01637nmm a2200481 a 4500003000900000005001700009008004100026020001300067040001300080111008300093245008100176250001200257260003200269300001100301500027200312650001300584650002900597650002200626650001600648650002100664651001200685651001100697651001100708651001400719651001200733651001000745651001100755651001200766651001400778700004400792700002400836700003100860700002000891700003000911700002900941700003600970700001701006700002801023700002801051700003001079700002901109700001701138AR-BaBNM20251128204943.0011101s1995 ||||||||||||||000 | spa|| a950-802- cAR-BaBNM2 aSeminario internacional El derecho y los chicoscBuenos Aires, Argentinad199510aEl derecho y los chicosbbalance y perspectivas de las reformas legislativas a1ª ed. aBuenos AiresbEspacioc19950 a272 p.1 aEl seminario de referencia se realizó en el aniversario de la Convención Internacional de los Derechos del Niño y fue organizado por la Embajada de Italia, Oficina de Cooperación, la Fundación Pibes Unidos y el Posgrado en problemáticas sociales infanto-j 4aINFANCIA 4aBIENESTAR DE LA INFANCIA 4aDERECHOS DEL NINO 4aLEGISLACION 4aREFORMA JURIDICA 4aUruguay 4aPerú 4aItalia 4aGuatemala 4aEcuador 4aChile 4aBrasil 4aBolivia 4aArgentina1 aBianchi, María del Carmenecompilador1 aBaratta, Alessandro1 aBidart Campos, Germán J.1 aLeo, Gaetano de1 aGarcía Méndez, Emilio1 aFerrari Bravo, Gabriella1 aGarrido de Paula, Paulo Alfonso1 aHope, Marcel1 aEsquivel Utreras, Amira1 aCrosby Crosby, Patricia1 aDávalos Vela, Guillermo1 aEstrada Castillo, Miriam1 aViero, Paola